Responses for Show #1135 - Friday, July 7, 1989

Last regular-play game of Season 5.

Contestants

[<< previous game]

Kevin Glynn, a writer and teacher from Glendale, California

Hugh Stocks, an editor from Woodland Hills, California

Carol Davidson, a commercial insurance writer from Simi Valley, California (whose 2-day cash winnings total $10,300)

[next game >>]

Jeopardy! Round responses

ROYALTY
TRANSPORTATION
HOUSEHOLD HINTS
STAR TREK
VOCABULARY
QUESTIONABLE SONGS
    $100 9
Catherine the Great

Carol
    $100 16
the center of the back window

Hugh
    $100 24
stretch your shoes

Triple Stumper
    $100 1
(Kevin: Who is Bones?)

Scotty

CarolKevin
    $100 5
ovation

Carol
    $100 15
"Who's Sorry Now?"

Hugh
    $200 12
Empress of India

Kevin
    $200 17
Air Force One

Carol
    $200 25
shrimp

Kevin
    $200 2
Joan Collins

Kevin
    $200 7
cornucopia

Carol
    $200 18
"Where'd you get those peepers?"

Hugh
    $300 13
Denmark

Carol
    $300 20
(Hugh: What is west?)

east

HughKevin
    $300 26
sandpaper

Triple Stumper
    $300 3
DeForest Kelley

Carol
    $300 8
a teacher

Kevin
    $1,000 19
[Alex gave the song's title as "Will You Still Love Me Tomorrow?"]
[The song was not reprised going into the break.]

"Will You Love Me Tomorrow?"

Hugh
    $400 14
(Alex: Her name was Hope Cook.)

the United States

Hugh
    $400 22
(Kevin: What is Ford?)

Nissan

HughKevin
    $400 4
the Klingons

Kevin
    $400 10
a capuchin

Hugh
    $400 27
[The end-of-round signal sounds.]

Are the stars out tonight?

Hugh
    $500 21
(Alex: We've got a minute left.)

Thailand

Kevin
    $500 23
El Camino Real

Hugh
    $500 6
stun

Carol
    $500 11
a raglan

Carol

Scores at the first commercial break (after clue 15):

Carol Hugh Kevin
$2,100 $900 $1,000

Scores at the end of the Jeopardy! Round:

Carol Hugh Kevin
$2,300 $1,200 $1,600

Double Jeopardy! Round responses

U.S. GEOGRAPHY
BIRDS
TOYS & GAMES
INTERNATIONAL TRIVIA
JUNE
KIPLING QUOTES
    $200 3
the Arctic Ocean

Kevin
    $200 1
legs

Hugh
    $200 19
a rope (cord, twine, string)

Carol
    $200 7
the pygmies

Kevin
    $200 17
(Kevin: What is a parking garage?)

a drive-in theater

HughKevin
    $200 13
your head

Kevin
    $400 4
Virginia

Hugh
    $400 2
(homing) pigeons

Kevin
    $400 20
(Alex: I heard it from some of our young students in the audience today. I would caution you, please. Keep it very quiet.)

jack in the box

Triple Stumper
    $400 8
Greece

Hugh
    $400 26
Amelia Earhart

Triple Stumper
    $400 14
(Kevin: What is a bullet?)
(Alex: A bullet, we'll accept that. "Bite on [*]" is the quote.)

the bullet

Kevin
    $600 5
(Carol: What is Maui?)
(Kevin: What is Molokai?)
...
(Alex: Maui is the second-largest; [*] is the third largest.)

Oahu

CarolKevin
Triple Stumper
    $600 9
my favorite things

Kevin
    $600 21
(Kevin: What are railroads?)
(Alex: Be more specific.)

railroads in Monopoly

Kevin
    $600 10
(Kevin: What is white?)

pink

CarolKevin
    $600 28
[The end-of-round signal sounds.]

Daniel Boone

Kevin
    $600 15
art

Triple Stumper
    $800 6
(Hugh: What is 3?)
...
(Alex: California, Arizona, New Mexico, & Texas are the ones.)

4

HughKevin
    $800 16
a mockingbird

Kevin
    $800 23
(Hugh: What are 16?)
(Carol: What is 32?)

8

CarolHugh
Triple Stumper
    $2,000 12
Nassau

Kevin
    $800 22
(Hugh: What is "you're a better man than I, Gunga Din"?)
(Alex: That's close enough. [*].)

"Better man than I am, Gunga Din"

Hugh
    $1000 11
Lake Champlain

Kevin
    $1000 18
Asia

Kevin
    $1000 25
(Alex: We've got less than a minute to go.)

3, 5, and 9

Triple Stumper
    $1000 27
the Galapagos Islands

Carol
    $1000 24
the road to Mandalay

Hugh

Scores at the end of the Double Jeopardy! Round:

Carol Hugh Kevin
$2,700 $2,600 $9,000
(lock game)

[wagering suggestions for these scores]

Final Jeopardy! Round responses

ACTRESSES
(Alex: The actress made her last film in 1941. She hasn't attended many ceremonies over the years, I'll tell you that. She hasn't been seen much.)
HughWho was Mary Pickford?
$500
CarolWho was Grae Kelly?
$2,601
KevinWho is Greta Garbo?
$3,000
Greta Garbo

Final scores:

Carol Hugh Kevin
$99 $2,100 $12,000
3rd place: Service Merchandise gift certificate 2nd place: Chromecraft furniture + Capri track lighting New champion: $12,000

Game dynamics:

Coryat scores:

Carol Hugh Kevin
$2,700 $3,600 $7,800
12 R,
2 W
14 R,
4 W
(including 1 DD)
20 R
(including 1 DD),
5 W

Combined Coryat: $14,100

[game clues] [game scores] [suggest correction]

Game tape date: 1989-02-21
The J! Archive is created by fans, for fans. Scraping, republication, monetization, and malicious use prohibited; this site may use cookies and collect identifying information. See terms. The Jeopardy! game show and all elements thereof, including but not limited to copyright and trademark thereto, are the property of Jeopardy Productions, Inc. and are protected under law. This website is not affiliated with, sponsored by, or operated by Jeopardy Productions, Inc. Join the discussion at JBoard.tv.